MDQL
is popping MORE tags! Check the
thread
!
Quizzes
Events
Quiz Creation
Community
Videos
Private Events
Remove Ads
Sign In
Join for FREE
Feedback
Dark Mode
Quiz Categories
Sports
Geography
Music
Movies
Television
Just For Fun
Miscellaneous
History
Literature
Language
Science
Gaming
Entertainment
Religion
Holiday
For Kids
Quiz Lab
Recent
Popular Today
Quiz Kudos Today
Editor Picks
Curator Picks
Quizzes by...
Day
Popularity
Type
Ratings
Length
Year
Community
Subscriptions
Recent Discussions
Orange Saloon
Badges
Playlists
Quests
Create
Leaderboards
Showdown
Live 5
Trivia Bingo
Activity
Puzzle Library
Sporcle Events
Private Events
Virtual Trivia
Globe League
Become a Host
Pub Owners
SporcleCon
Opinionation
Our Games
Videos
Blog
Mobile Apps
Partnerships
Remove Ads and Go Orange
Feedback
Gaming
Video Games
Board Games
Card Games
Pokémon
Mario
Nintendo
Minecraft
Console
Toys
Legend of Zelda
Gaming
Video Games
Board Games
Card Games
Pokémon
Mario
Nintendo
Minecraft
Console
Toys
Legend of Zelda
Random Quiz
Search Sporcle
×
Quiz Lab
Quiz Lab
Gaming
Minecraft
Type in answers that appear in a list
Type in answers that appear in a list
Classic
Best Score? Go Orange.
Minecraft Youtubers Stats
Can you name the Minecraft Youtubers?
By
WaterLvr14
10m
11 Questions
449 Plays
449 Plays
449 Plays
Comments
Comments
Give Quiz Kudos
Give Quiz Kudos
-
- Ratings
hide this ad
Random Order
Randomize order of answers
Randomize order of answers
Replay
Link that replays current quiz
Next Quiz
Link to next quiz in quiz playlist
You Got
0%
They Got
Avg Score
35%
Avg Friend Score
Upgrade to see
Score Distribution
Jump to the score distribution portion of the page
Score
0/11
Timer
10:00
0
Plays Today
Youtuber is known for
This is
% Correct
butter
skydoesminecraft
89.8%
Names sword and slime 'Jerry'
Captainsparklez
62.1%
He was captured by a squid
Deadlox
44.1%
Jeffery
Minecraft Universe
43.7%
Made the Epic Jump Maps
Bodil40
43.4%
A group of people in Europe but is known by a Dwarf's song
Yogscast
42.3%
Pilot Pig
Chimneyswift
23.6%
Makes animations and is known for a special zombie
Slamacowcreations
16.3%
Made awesome PVP maps (Not Vareide)
Hypixel
11.1%
silver
slyfoxhound
7.1%
Famous for Herobrine and Fugu Complex
Newscapero
1.6%
Quiz Playlist
Details
Report
Send in Message
Add To Playlist
Classic:
Type in answers that appear in a list
Random Order:
Randomize order of answers
Last Updated: Feb 16, 2017
Quiz Scoreboard
CHALLENGE
Sign Up to Join the Scoreboard
Show All
Scores
Hide
Comments
May contain spoilers
Recently Published
1-10 Letter E Words III
by El_Dandy
Language
2m
Street Fighter Characters
by Artimus82
Gaming
60s
College Basketball Coaching Resumes
by pancakes188
Sports
9m
More to Explore
Quiz From the Vault
Featured Blog Post
Where Did the Easter Bunny Come From?
hide this ad
You Might Also Like...
Tags
Minecraft Quiz
Youtube
Today's Top Quizzes in Gaming
Browse Gaming
hide this ad
Today's Top Quizzes in Minecraft
Browse Minecraft
Top Contributed Quizzes in Gaming
1
5-to-1: Consoles
2
7-to-1: Board Game Piece Blitz
3
5-to-1: Legend of Zelda
4
League of Legends Pro Players by Career/Team History
5
Destiny 2 exotic weapons by perk icons
6
Ultimate Genshin Impact Logic Puzzle (up to 4.3)
7
Quick Pick: Video Games Lost in Translation
8
Franchise by Action Figure
9
Who's on the WWE 2K24 Cover?
10
Genshin Impact Logic Puzzle Quiz
Explore More
Trending Topics
Marvel
NBA
Anime
Kpop
Harry Potter
Disney
Crossword
Song
WWE
Puzzle
Pokémon
Soccer
The Office
NFL
Country
hide this ad
More By:
WaterLvr14
Quiz
Plays
Rating
Category
Featured
Created
Minecraft Youtubers
449
1.00
Gaming
Feb 8, 2013
Top 10 Youtube People 2013
35
Miscellaneous
Feb 17, 2013
Go to Creator's Profile
Score Distribution
Quiz Creator Spotlight
WaterLvr14
Follow
Send a Message
Quizzes Created
-
Created Quiz Play Count
-
More By This Creator
Popular Quizzes Today
1
Find the US States - No Outlines Minefield
2
Find the Countries of Europe - No Outlines Minefield
3
The Countries of the World
4
Find the US States
5
Risky Map Clicking: Biggest States A-Z
6
US States
7
Popular People in 1961
8
Movies - When Are They Set?
More Gaming Quizzes
Ten Group Blitz: Board Games
Editor's Pick
Trending Quizzes
Risky Map Clicking: Least Populous States A-Z
1-10 Letter G Words
USA Borders Longest to Shortest
1-10 Letter F Words
Countries of the World: 200 Million BC
Recently Updated
Leaping Animals
pecheneg
Reality TV Shows (A-Z)
bhenderson79
Rickey Henderson's Hall of Fame Teammates
pecheneg
Champions League XIs: Arsenal
pecheneg
Quick Pick: Celebrities in WWE's Hall of Fame
aduchscher
A-Z Keypad Blitz II
pecheneg
Multiple Oscar Actors
pecheneg
Mystery Phrase Blitz: Oscar 'Best Actors'
pecheneg
F. Scott Fitzgerald Novels
LTH
Pick 3 Villains
ddd62291
Trending Topics
Kpop
Anime
Harry Potter
Marvel
NBA
Disney
Crossword
Soccer
NFL
Puzzle
Country
Pokémon
WWE
The Office
Song
Your Account Isn't Verified!
In order to create a playlist on Sporcle, you need to verify the email address you used during registration. Go to your
Sporcle Settings
to finish the process.
Report this User
Report this user for behavior that violates our
Community Guidelines
.
Details:
Send Report
Go to the Sporcle.com Mobile Site →
Comments